El concepto del poder en Africa

محفوظ في:
التفاصيل البيبلوغرافية
المؤلفون الرئيسيون: Akinjogbin, I. A (مؤلف), Diagne, Pathé (مؤلف), Hagan, G (مؤلف), Konaré, O (مؤلف), Kossou, B (مؤلف), Nsabimana, S (مؤلف), Tafla, B (مؤلف)
التنسيق: كتاب
اللغة:الإسبانية
منشور في: Barcelona Unesco 1983
سلاسل:Colección Temas Africanos,
الموضوعات:
الوسوم: إضافة وسم
لا توجد وسوم, كن أول من يضع وسما على هذه التسجيلة!

MARC

LEADER 00000nam a2200000 a 4500
001 UCO2358
003 CL-VaPUC
008 000602e19830000SP |||||||||||||||||spa|d
082 0 4 |a 960  |b AKI  |2 21 
100 0 |a Akinjogbin, I. A  |e author  |9 445472 
700 0 |a Diagne, Pathé  |e author  |9 445473 
700 0 |a Hagan, G  |e author  |9 445474 
700 0 |a Konaré, O  |e author  |9 445475 
700 0 |a Kossou, B  |e author  |9 445476 
700 0 |a Nsabimana, S  |e author  |9 445477 
700 0 |a Tafla, B  |e author  |9 445478 
245 1 3 |a El concepto del poder en Africa 
300 |a 178 p 
942 |c BK 
945 |d 20000602 00:00:00  |a rherrera 
260 |a Barcelona  |b Unesco  |c 1983 
650 7 |a HISTORIA DE AFRICA  |2 CL-VaPUC  |9 437682 
650 7 |a PODER  |2 CL-VaPUC  |9 445479 
650 0 |a Poder constituyente  |9 377467 
651 0 |a África  |9 256790 
583 |a last modification  |c 20000602 00:00:00  |k Rodrigo Vera 
490 0 |a Colección Temas Africanos,  
999 |c 288893  |d 288891 
952 |0 0  |1 0  |4 0  |6 960_000000000000000_AKI_1983  |7 0  |8 A  |9 336861  |a BIBHIS  |b BIBHIS  |d 2019-11-20  |i 1285602  |o 960 AKI 1983  |p 1285602  |r 2025-01-20  |w 2019-11-20  |y BK  |k HIS 
952 |0 0  |1 0  |4 0  |6 960_000000000000000_AKI_1983  |7 0  |8 A  |9 336862  |a BIBHIS  |b BIBHIS  |d 2019-11-20  |i 1285610  |o 960 AKI 1983  |p 1285610  |r 2025-01-20  |w 2019-11-20  |y BK  |k HIS